Datum a čas kvízu

42 Celkem bodů Celkový počet nahraných bodů na tomto kvízu bez doplňovacích otázek.
1. Pořadí na kvízu Konečné umístění týmu na tomto kvízu.

Zaznamenané odpovědi

# Otázka Odpověď Body Výsledky
1. Která moravská zoologická zahr... ZOO Olomouc 1
2. Minulé úterý parlament schváli... ve Velké Británii 1
3. Plaketu věnovanou které filmov... Otíkovi 1
4. Španělští archeologové objevil... B 0
5. Ve středu bylo zahájeno mistro... Bratislava; Trenčín 1
6. Vědci v minulosti několikrát t... D) kofein 1
7. Světová zdravotnická organizac... o Rumunsko 0
8. V červenci 2025 Senát schválil... 3 (2 a 4 za půl bodu) 0
9. Na které z fotografií se nachá... A) 1
10. Tinktura z opia se v minulosti... laudanum 1